000 00335nam a2200121 a 4500
005 20140414131904.0
008 100922s19uu xx 00 eng d
050 _aFIC
_bM11 2002
100 _aMcCombie, Karen
245 _aAngels, arguments and a furry merry christmas.
260 _aNew York :
_bScholastic ,
_c2002.
999 _c110810
_d110810